| 000 | 01395nam a22003977a 4500 | ||
|---|---|---|---|
| 001 | 000106915 | ||
| 003 | CHAP | ||
| 005 | 20220329143906.0 | ||
| 008 | 120618s2011 mx r 00010 spa d | ||
| 010 | _a103377 | ||
| 011 | _a104349 | ||
| 020 | _a978-607-12-0183-6 (Número 5) | ||
| 020 | _a9786071201485 (Colección Tlatemoa) | ||
| 035 | _a115039 | ||
| 040 | _cCHAP | ||
| 082 | 0 | 4 |
_a370.78 _bE56 |
| 245 | 0 | 0 |
_aEnfoques metodológicos y técnicas de investigación en educación : _bantología / _ccompilado por Jesús Soriano Fonseca. |
| 260 |
_aChapingo, Méx. : _bUACH. Departamento de Sociología Rural, _c2011. |
||
| 300 | _a380 p. | ||
| 490 | 0 |
_aColección Tlatemoa _v; 5 |
|
| 590 |
_aBATCH-UPD _b10 _c20130110 _lUCH01 _h1336 |
||
| 590 |
_aBATCH-UPD _b10 _c20130410 _lUCH01 _h0839 |
||
| 590 |
_aBATCH-UPD _b10 _c20130914 _lUCH01 _h1006 |
||
| 590 |
_aCONVERSION _b10 _c20130109 _lUCH01 _h1357 |
||
| 590 |
_aE11695DGD _b10 _c20170520 _lUCH01 _h1045 |
||
| 590 |
_aE5765TAJ _b05 _c20161202 _lUCH01 _h1117 |
||
| 650 | 1 | 4 |
_aEducación técnica. _935672 |
| 650 | 1 | 4 |
_aEducación _xInvestigación. _935457 |
| 650 | 1 | 4 |
_aEducación _xMetodología. _935463 |
| 700 | 1 |
_aSoriano Fonseca, Jesús _e, comp. _9108768 |
|
| 830 | 0 |
_aColección Tlatemoa _v; 5 _925011 |
|
| 901 | _aBK | ||
| 942 | _cLIBRO | ||
| 942 | _n0 | ||
| 949 |
_a370.78 E56 _bBC _cUACH _d33724002321462 _eUACH _gDonaciØn _h117173 _i115039 _sb |
||
| 999 |
_c103377 _d103377 |
||